| 000 | 00654nam a22002297a 4500 | ||
|---|---|---|---|
| 005 | 20170124110119.0 | ||
| 010 | _aA-541599 | ||
| 020 |
_c00.00 _a8170187044 |
||
| 035 | _aA-541599 | ||
| 037 | _bCen Lib/Ret | ||
| 040 |
_aDPL _bEN |
||
| 082 |
_aN _bGIL |
||
| 100 |
_aGill, Raj _930358 |
||
| 245 |
_aA million Fires : _cby Raj Gill _ba novel / |
||
| 260 |
_aDelhi _bB.R. Publishing Corporation _c1992 |
||
| 270 |
_bDelhi _a29/9, nangia park, shakti nagar _e110007 |
||
| 300 |
_a223p. _c19cm(Hb) |
||
| 490 | _aNew world literature series:50 | ||
| 650 |
_aLiterature fiction _972801 |
||
| 650 |
_aEnglish Novel _914422 |
||
| 942 |
_2ddc _cEN _hN _mGIL |
||
| 999 |
_c130893 _d130893 |
||